| 000 | 00332nam a22001337a 4500 | ||
|---|---|---|---|
| 005 | 20250901165811.0 | ||
| 008 | 250324b |||||||| |||| 00| 0 eng d | ||
| 020 | _a9789966805287 | ||
| 050 | _aPZ7 .A74 2009 | ||
| 245 |
_aTHE CARJACKERS _cARENSEN SHEL |
||
| 260 |
_aNAIROBI _bWORDALIVE PUBLISHERS _c2009 |
||
| 300 | _a111 | ||
| 942 | _2lcc | ||
| 999 |
_c9406 _d9406 |
||